Suomen kielen yleisimmät verbit - Statistics

Yleistilastot
  • Tätä visaa on pelattu 5 982 kertaa
  • Keskiarvotulos 63 / 200
Vastaustilastot
Verbi % Oikein
olla
91%
mennä
84%
tulla
77%
tehdä
75%
antaa
68%
puhua
68%
sanoa
67%
ajaa
66%
nähdä
65%
kirjoittaa
64%
saada
64%
istua
63%
kuulla
63%
lukea
63%
ottaa
63%
katsoa
60%
ostaa
60%
pelata
59%
pelätä
59%
pitää
58%
haluta
56%
voida
55%
viedä
54%
elää
53%
laskea
53%
tuoda
53%
kuolla
52%
kertoa
51%
tietää
51%
tuntea
51%
oppia
50%
osata
50%
soittaa
50%
myydä
49%
lähteä
48%
ajatella
47%
uskoa
47%
avata
46%
panna
46%
alkaa
45%
kysyä
45%
aloittaa
44%
auttaa
44%
käydä
44%
nousta
44%
ei
43%
miettiä
43%
etsiä
42%
lopettaa
42%
sulkea
42%
asua
41%
maksaa
41%
nostaa
41%
yrittää
41%
muistaa
40%
vastata
40%
työskennellä
39%
vetää
39%
syntyä
38%
voittaa
38%
kantaa
37%
ehtiä
36%
hoitaa
36%
liikkua
36%
löytää
36%
muuttaa
36%
näyttää
36%
rakentaa
36%
saapua
36%
tavata
36%
jäädä
35%
koskea
35%
kulkea
35%
omistaa
35%
ymmärtää
35%
jakaa
34%
hävitä
33%
kieltää
33%
palata
33%
toivoa
33%
esittää
32%
luoda
32%
päättää
32%
tarvita
32%
vaihtaa
32%
estää
31%
kasvaa
31%
käyttää
31%
lisätä
31%
odottaa
31%
pystyä
31%
pyytää
31%
viettää
31%
muuttua
30%
sopia
30%
toimia
30%
aikoa
29%
jatkaa
29%
onnistua
29%
vaatia
29%
jättää
28%
johtaa
28%
päästä
28%
siirtää
28%
huomata
27%
kestää
27%
kokea
27%
myöntää
27%
hakea
26%
kuulua
26%
riittää
26%
valita
26%
lähettää
25%
näkyä
25%
pohtia
25%
tuottaa
25%
valmistaa
25%
kerätä
24%
luvata
24%
saattaa
24%
asettaa
23%
jatkua
23%
päättyä
23%
täytyä
23%
ohjata
22%
parantaa
22%
tuntua
22%
yhdistää
22%
joutua
21%
kuvata
21%
liittyä
21%
määrätä
21%
mainita
21%
merkitä
21%
siirtyä
21%
täyttää
21%
keskustella
20%
sattua
20%
selvitä
20%
seurata
20%
arvioida
19%
hallita
19%
johtua
19%
selvittää
19%
esiintyä
18%
esitellä
18%
hyväksyä
18%
ilmoittaa
18%
kiinnostaa
18%
koota
18%
suunnitella
18%
tuomita
18%
vähentää
18%
kannattaa
17%
kehittää
17%
kulua
17%
kutsua
17%
tarjota
17%
tarkoittaa
17%
löytyä
16%
menettää
16%
osoittaa
16%
perustaa
16%
pyrkiä
16%
pysyä
16%
arvella
15%
lisääntyä
15%
puuttua
15%
saavuttaa
15%
tapahtua
15%
tukea
15%
tutkia
15%
uhata
15%
valmistua
15%
yllättää
15%
sijaita
14%
edetä
13%
hankkia
13%
muistuttaa
13%
ratkaista
13%
sijoittaa
13%
todeta
13%
edustaa
12%
epäillä
12%
järjestää
11%
kärsiä
10%
käsitellä
10%
korostaa
10%
osallistua
10%
perustua
10%
ryhtyä
10%
vaikuttaa
10%
edellyttää
9%
keskittyä
9%
perustella
9%
aiheuttaa
6%
huomauttaa
6%
julkaista
6%
vahvistaa
6%
vakuuttaa
5%
Ehtoja vastaavia visoja ei löytynyt
Tulosjakauma
Jokaisen tuloksen saaneiden osuus
Persentiili vastausten määrän mukaan
Tuloshistoriasi
Et ole pelannut tätä visaa